000 00572nam a2200169 i 4500
001 28261
003 ES-MaACL
005 20230906153817.0
007 t|
008 030116s1914 ag ||||1| spa d
100 1 _aBaldrich, Juan Amadeo de.
_924900
245 1 0 _aEspaña y su Ejército
_b: consideraciones sobre la organización militar del reino /
_cJuan Amadeo de Baldrich.
260 _aBuenos Aires :
_b[s.n.],
_c1914 (
_fEst. Gráf. Centenario)
300 _a18 p. ;
_c23 cm.
651 0 _aEspaña-
_xPolítica militar-
_yS.XX.
_98435
852 _aES-MaACL
_jT-1434-F-9
999 _c28261
_d28261